El shock del futuro
Guardat en:
| Autor principal: | |
|---|---|
| Format: | Llibre |
| Idioma: | espanyol |
| Publicat: |
Barcelona
Plaza and Janes
1978
|
| Matèries: | |
| Etiquetes: |
Afegir etiqueta
Sense etiquetes, Sigues el primer a etiquetar aquest registre!
|
MARC
| LEADER | 00000nam a2200000 a 4500 | ||
|---|---|---|---|
| 001 | UCT8220 | ||
| 003 | CL-VaPUC | ||
| 008 | 970326e19780000SP |||||||||||||||||spa|d | ||
| 082 | 0 | 4 | |a 303.49 |b TOF |2 21 |
| 100 | 0 | |a Toffler, Alvin |e author |9 379801 | |
| 245 | 1 | 3 | |a El shock del futuro |
| 300 | |a 526 p | ||
| 942 | |c BK | ||
| 945 | |d 19970326 00:00:00 |a nastorga | ||
| 260 | |a Barcelona |b Plaza and Janes |c 1978 | ||
| 650 | 0 | |a Sociología política |9 255920 | |
| 650 | 7 | |a SOCIOLOGIA ECONOMICA |2 CL-VaPUC |9 341237 | |
| 650 | 0 | |a Sociedad contemporánea |9 337179 | |
| 650 | 0 | |a Información |9 256927 | |
| 650 | 0 | |a Ciencia |9 255691 | |
| 650 | 0 | |a Tecnología |9 256742 | |
| 650 | 0 | |a Adaptación social |9 336043 | |
| 650 | 0 | |a Familias |9 255641 | |
| 650 | 0 | |a Enfermedades |9 263059 | |
| 650 | 0 | |a Psicología social |9 222894 | |
| 650 | 0 | |a Educación |9 258661 | |
| 650 | 7 | |a FUTUROLOGIA |2 CL-VaPUC |9 328866 | |
| 583 | |a last modification |c 19970326 00:00:00 |k Rodrigo Vera | ||
| 999 | |c 256741 |d 256739 | ||
| 952 | |0 0 |1 0 |4 0 |6 303_490000000000000_TOF_1978 |7 0 |8 A |9 279657 |a BIBGIM |b BIBGIM |d 2019-11-19 |i 3275027 |o 303.49 TOF 1978 |p 3275027 |r 2025-01-15 |w 2019-11-19 |y BK |k SSL | ||
| 952 | |0 0 |1 0 |4 0 |6 303_490000000000000_TOF_1978 |7 0 |8 A |9 279658 |a BIBGIM |b BIBGIM |d 2019-11-19 |i 3275035 |o 303.49 TOF 1978 |p 3275035 |r 2025-01-15 |w 2019-11-19 |y BK |k SSL | ||
| 952 | |0 0 |1 0 |4 0 |6 303_490000000000000_TOF_1978 |7 0 |8 A |9 279659 |a BIBGIM |b BIBGIM |d 2019-11-19 |i 3276619 |o 303.49 TOF 1978 |p 3276619 |r 2025-01-15 |w 2019-11-19 |y BK |k SSL | ||